| 000 | 01092nam a2200241 i 4500 | ||
|---|---|---|---|
| 001 | 18300 | ||
| 003 | DO-SdUEMH | ||
| 005 | 20260106212824.0 | ||
| 007 | ta | ||
| 008 | 260106b1988 dr |||gr|||| 10| 0 spa d | ||
| 040 |
_aDO-SdUEMH _bspa _erda |
||
| 041 | _aspa | ||
| 082 | 1 | 4 |
_mRD _bE56p |
| 245 | 1 | 0 |
_aPosibilidades de privatización económica en la República Dominicana / _cexpositores: Hugh Brache, Frederic Emam-Zadé, Partenio Ortiz, Luis Heredia Bonetti ; editor: Frank Moya Pons |
| 264 | 0 | 1 |
_aSanto Domingo, República Dominicana : _bForum, _c1988 |
| 300 |
_a165 Paginas ; _c22 cm. |
||
| 336 |
_2rdacontent _atexto _btxt |
||
| 337 |
_2rdamedia _asin mediación _bn |
||
| 338 |
_2rdacarrier _avolumen _bnc |
||
| 490 |
_aForum ; _v28 |
||
| 505 | 0 | _aPresentación -- Introducción / Frank Moya Pons -- Filosofía de la privatización económica / Hugh Brache -- Debate -- Reorientación del papel de las empresas estatales en la economía dominicana / Partenio Ortíz -- La privatización de las empresas del Estado: aspectos legales / Luis Heredia Bonetti -- Debate. | |
| 942 |
_2ddc _n0 _cBK |
||
| 999 |
_c18300 _d18300 |
||